Biotechnology in the pulp and paper industry: the Third International Conference
Saved in:
| Format: | Bog |
|---|---|
| Sprog: | engelsk |
| Udgivet: |
Estocolmo
Swedish Forest Products Research Laboratory - the Swedish Association of Pulp and Papers Engineers
1986
|
| Fag: | |
| Tags: |
Tilføj Tag
Ingen Tags, Vær først til at tagge denne postø!
|
MARC
| LEADER | 00000nam a2200000 a 4500 | ||
|---|---|---|---|
| 001 | UCV6051 | ||
| 003 | CL-VaPUC | ||
| 005 | 20200504124901.0 | ||
| 008 | 900515e19860000SW |||||||||||||||||eng|d | ||
| 999 | |c 212305 |d 212303 | ||
| 040 | |c Pontificia Universidad Católica de Valparaíso | ||
| 082 | 0 | 4 | |a 676 BIO 1986 |2 21 |
| 245 | 1 | 0 | |a Biotechnology in the pulp and paper industry: the Third International Conference |
| 260 | |a Estocolmo |b Swedish Forest Products Research Laboratory - the Swedish Association of Pulp and Papers Engineers |c 1986 | ||
| 300 | |a 213 páginas | ||
| 583 | |a last modification |c 19900515 00:00:00 |k Rodrigo Vera | ||
| 650 | 7 | |a INDUSTRIA PAPELERA |2 CL-VaPUC |9 262993 | |
| 650 | 7 | |a PULPA DE MADERA |2 CL-VaPUC |9 262994 | |
| 942 | |c BK |2 ddc | ||
| 945 | |d 19900515 00:00:00 | ||
| 952 | |0 0 |1 0 |2 ddc |4 0 |6 676_000000000000000_BIO_1986 |7 0 |8 A |9 193051 |a BIBING |b BIBING |d 2019-11-14 |i 2607328 |o 676 BIO 1986 |p 2607328 |r 2025-01-20 |t 1 |w 2019-11-14 |y BK |k EIB | ||